000 00466nam a2200181Ia 4500
001 21227
005 20260306172904.0
008 260306t1993||||xx |||||||||||||| ||spa||
041 _aESP
082 _a344.22
_bB73
100 _aBeccaria, César Bonesana, Marqués de [1738-1794]
_eAUT
245 0 _aTratado de los delitos y de las penas
260 _c1993
300 _a284 páginas :
_c22 cm.
650 _aGEN
654 _aCDE
942 _cLIB
_dJUS
_fJUS
_2ddc
_n
999 _c21227
_d21227